The terpenes, (Record no. 1975)
[ view plain ]
| 000 -LEADER | |
|---|---|
| fixed length control field | 00284cam a22001091 4500 |
| 050 00 - LIBRARY OF CONGRESS CALL NUMBER | |
| Classification Number | QD416 |
| Item Number | .S58 |
| 100 1# - MAIN ENTRY--Author | |
| Personal name | Simonsen, John Lionel, |
| Dates associated with a name | 1884- |
| 245 14 - TITLE | |
| Title | The terpenes, |
| Statement of responsibility, etc | by J. L. Simonsen. |
| 260 ## - PUBLICATION, DISTRIBUTION, ETC.(IMPRINT) | |
| Place of publication, distribution, etc | Cambridge [Eng.] |
| Name of publisher, distributor, etc | The University Press, |
| Date of publication, distribution, etc | 1931-32. |
| 300 ## - PHYSICAL DESCRIPTION | |
| Extent | 2 v. |
| 942 ## - ADDED ENTRY ELEMENTS(KOHA) | |
| Koha item type | General circulation |
| Source of classification or shelving scheme | Not for loan | Location (home branch) | Sublocation (holding branch) | Date accessioned | Cost, normal purchase price | Full call number | Barcode | Cost, replacement price | Koha item type |
|---|---|---|---|---|---|---|---|---|---|
| Library of Congress Classification | Main Campus Library | Main Campus Library | 26/08/2014 | 1848.00 | QD416 .S58 | 2019/021933 | 2348.00 | General circulation |